| 000 | 01094 a2200229 4500 | ||
|---|---|---|---|
| 001 | 35090 | ||
| 005 | 20260407155635.0 | ||
| 008 | 260407a1994 arg spa d | ||
| 003 | AR-UNSa-BCEJYS | ||
| 040 |
_aAR-UNSa-BCEJYS _bspa _cAR-UNSa-BCEJYS |
||
| 080 |
_a658.014 _xEstructura organizativa. Jerarquización. (Organigrama) |
||
| 245 | 1 | 0 |
_aRe-estructurando empresas _plas nuevas estructuras de redes para diseñar las organizaciones del próximo siglo |
| 020 | _a950-537-289-2 | ||
| 264 | 1 |
_aBuenos Aires : _bEdiciones Macchi _c1994 |
|
| 300 |
_a277 p. _c23 cm. |
||
| 505 | _a1. Visión mecanica de la empresa - 2. ¿Para que sirven los organigramas? - 3. La empresa dentro de una red dinamica de variables - 4. Las empresas como sistemas dinamicos - 5. Interacción estrategia- estructura-cultura - 6. Configuraciones estracturales - 7. Estructura de redes - | ||
| 942 | _cBK | ||
| 590 | _aniveau_biblio:m niveau_hierar:0 | ||
| 100 | 1 | _aSerra, Roberto | |
| 700 | 1 | _aKastika, Eduardo | |
| 856 | 4 | 1 |
_uhttps://biblioeco.unsa.edu.ar/pmb/images/libros/L65250.jpg _yImagen de portada _qimage/jpeg |
| 999 |
_c2542 _d2542 |
||